| 000 | 00769nam a2200253Ia 4500 | ||
|---|---|---|---|
| 003 | OSt | ||
| 005 | 20220916110910.0 | ||
| 006 | a|||||r|||| 00| 0 | ||
| 007 | ta | ||
| 008 | 220915b |||||||| |||| 00| 0 hin d | ||
| 024 | _a42840 | ||
| 037 | _cTextbook | ||
| 040 |
_bhin _aARTS _cARTS |
||
| 041 | _ahin | ||
| 082 | _aO15,1D40:g, L5.1(TTPS) | ||
| 100 | _aभारद्वाज, शिवप्रसाद | ||
| 245 | 0 | _aकालिदास दर्शन | |
| 246 | _aKālidās darshana | ||
| 260 | _c1975 | ||
| 300 |
_a468पण् _ccm. |
||
| 650 | _aहिन्दी साहित्य | ||
| 942 |
_hO15,1D40:g, L5.1(TTPS) _cTB _2CC |
||
| 999 |
_c100766 _d100766 |
||